00573nam a2200145Ia 4500008004100000020001800041100002200059245006400081260003900145650001400184650007300198856004500271999001900316952009200335171212s9999 xx 000 0 und d a9780874212839 aMccomiskey, Bruce cMccomiskey, BruceaTeaching Composition As A Social Process bUniversity Press of Coloradoc2000 aEducation aEnglish language -- Rhetoric -- Study and teaching -- Social aspects uwww.jstor.org/stable/10.2307/j.ctt46nx11 c353178d353178 001040aCLbCLd2017-12-12l0oPE1404 .M387 2000r2017-12-12 00:00:00w2017-12-12yCBE